[Event "LTU-chT"]
[Site "Lithuania"]
[Date "2015.03.28"]
[Round "6.3"]
[White "Garnelis, Julius"]
[Black "Limontas, Martynas"]
[Result "1/2-1/2"]
[WhiteElo "2335"]
[BlackElo "2313"]
[PlyCount "82"]
[EventDate "2015.01.24"]
[EventType "team-tourn"]
[EventRounds "7"]
[EventCountry "LTU"]
[SourceTitle "EXT 2016"]
[Source "ChessBase"]
[SourceDate "2015.10.08"]
[SourceVersion "1"]
[SourceVersionDate "2015.10.08"]
[SourceQuality "1"]
[WhiteTeam "Vilnius MRU"]
[BlackTeam "Vilnius Chess United"]
[WhiteTeamCountry "LTU"]
[BlackTeamCountry "LTU"]

1. e4 e6 2. d3 d5 3. Nd2 Nf6 4. g3 Nc6 5. Bg2 dxe4 6. dxe4 e5 7. Ne2 Bc5 8. 0-0 0-0 9. Nb3 Bb6 10. Bg5 Be6 11. Bxf6 Qxf6 12. Nc3 Qd8 13. Nd5 Ne7 14. Qh5 f6 15. Rad1 Qe8 16. Qe2 c6 17. Nxb6 axb6 18. a3 Qf7 19. Qe3 c5 20. Rd6 Nc6 21. Rfd1 Rfd8 22. Rxd8+ Rxd8 23. Rxd8+ Nxd8 24. Qd3 Nc6 25. Nd2 Qc7 26. Bf1 Kf8 27. Nc4 Bxc4 28. Qxc4 Qd6 29. Qd3 Qxd3 30. Bxd3 Ke7 31. Bc4 Kd6 32. Bd5 b5 33. c3 b6 34. b4 cxb4 35. axb4 Ne7 36. Bf7 Kd7 37. Bh5 Nc8 38. Bg4+ Kd8 39. Bf5 g6 40. Bxc8 Kxc8 41. f3 Kd7 1/2-1/2

[Event "LTU-chT"]
[Site "Lithuania"]
[Date "2015.01.25"]
[Round "2.3"]
[White "Katalov, Andrej"]
[Black "Garnelis, Julius"]
[Result "1/2-1/2"]
[WhiteElo "2001"]
[BlackElo "2335"]
[PlyCount "76"]
[EventDate "2015.01.24"]
[EventType "team-tourn"]
[EventRounds "7"]
[EventCountry "LTU"]
[SourceTitle "CBM 164 Extra"]
[Source "ChessBase"]
[SourceDate "2015.03.02"]
[SourceVersion "1"]
[SourceVersionDate "2015.03.02"]
[SourceQuality "1"]
[WhiteTeam "Klaipeda Bokstas"]
[BlackTeam "Vilnius MRU"]
[WhiteTeamCountry "LTU"]
[BlackTeamCountry "LTU"]

1. d4 d5 2. Nf3 Nf6 3. c4 e6 4. Nc3 c6 5. e3 Nbd7 6. Bd3 Bd6 7. 0-0 0-0 8. Qc2 dxc4 9. Bxc4 e5 10. h3 Qe7 11. Bd3 Re8 12. e4 exd4 13. Nxd4 Nc5 14. Nf5 Bxf5 15. exf5 Qe5 16. g3 Nh5 17. Rd1 Nxd3 18. Qxd3 Bc5 19. Kg2 h6 20. Qf3 Nf6 21. Bd2 Ne4 22. Re1 Nxd2 23. Rxe5 Nxf3 24. Rxe8+ Rxe8 25. Kxf3 Rd8 26. Rd1 Rxd1 27. Nxd1 Kf8 28. Ke4 Ke7 29. f4 h5 30. g4 hxg4 31. hxg4 f6 32. Nc3 Bf2 33. Kd3 Bc5 34. Ke4 Kd6 35. Ne2 Bf2 36. Kf3 Bc5 37. Ke4 Bf2 38. Kf3 Bc5 1/2-1/2

[Event "LTU-ch"]
[Site "Nemencine"]
[Date "2010.04.27"]
[Round "5"]
[White "Garnelis, Julius"]
[Black "Malisauskas, Vidmantas"]
[Result "0-1"]
[WhiteElo "2302"]
[BlackElo "2491"]
[PlyCount "68"]
[EventDate "2010.04.25"]
[EventType "swiss"]
[EventRounds "9"]
[EventCountry "LTU"]
[SourceTitle "CBM 136 Extra"]
[Source "ChessBase"]
[SourceDate "2010.07.02"]
[SourceVersion "2"]
[SourceVersionDate "2010.07.15"]
[SourceQuality "1"]

1. e4 c5 2. Nf3 d6 3. d4 cxd4 4. Nxd4 Nf6 5. Nc3 a6 6. Bg5 e6 7. f4 Nbd7 8. Qf3 Qc7 9. 0-0-0 b5 10. e5 Bb7 11. Qh3 dxe5 12. Nxe6 fxe6 13. Qxe6+ Be7 14. Bxb5 axb5 15. Nxb5 Qb6 16. Nd6+ Kd8 17. Bxf6 Bxf6 18. Nxb7+ Qxb7 19. Rxd7+ Qxd7 20. Rd1 Ra7 21. Qb6+ Ke7 22. Rxd7+ Rxd7 23. c3 exf4 24. Qb4+ Rd6 25. Qxf4 Rhd8 26. Kc2 Re6 27. a4 Re2+ 28. Kb3 Rdd2 29. Qc7+ Ke6 30. Qc8+ Ke5 31. Qc5+ Kf4 32. g3+ Kf3 33. Kc4 Rxb2 34. Qf5+ Kg2 0-1

[Event "LTU-ch"]
[Site "Nemencine"]
[Date "2010.04.26"]
[Round "2"]
[White "Zebelis, Rimantas"]
[Black "Garnelis, Julius"]
[Result "0-1"]
[WhiteElo "1926"]
[BlackElo "2302"]
[PlyCount "82"]
[EventDate "2010.04.25"]
[EventType "swiss"]
[EventRounds "9"]
[EventCountry "LTU"]
[SourceTitle "CBM 136 Extra"]
[Source "ChessBase"]
[SourceDate "2010.07.02"]
[SourceVersion "2"]
[SourceVersionDate "2010.07.15"]
[SourceQuality "1"]

1. d4 d5 2. Nf3 c6 3. c4 e6 4. Nc3 dxc4 5. a4 Bb4 6. e3 b5 7. Bd2 a5 8. axb5 Bxc3 9. Bxc3 cxb5 10. b3 Bb7 11. bxc4 b4 12. Bd2 Nf6 13. Bd3 Nbd7 14. 0-0 0-0 15. Re1 Qc7 16. Qc2 e5 17. Ng5 h6 18. Nh7 Rfc8 19. f4 Qc6 20. Nxf6+ Nxf6 21. Bf1 Qe4 22. Qd3 Qxd3 23. Bxd3 Be4 24. Be2 exd4 25. exd4 b3 26. Bc3 Nd5 27. Bb2 Nxf4 28. Bg4 f5 29. Rxe4 fxe4 30. Bxc8 Rxc8 31. c5 Nd3 32. Bc3 a4 33. Rxa4 b2 34. Bxb2 Nxb2 35. Rb4 Nd3 36. Rc4 Kf7 37. Kf1 Ke6 38. Ke2 Kd5 39. Ra4 Nf4+ 40. Kf2 Ne6 41. Ke3 Rb8 0-1

[Event "Wch U20"]
[Site "Puerto Madryn"]
[Date "2009.11.01"]
[Round "11"]
[White "Blit, Jacques"]
[Black "Garnelis, Julius"]
[Result "1/2-1/2"]
[WhiteElo "2350"]
[BlackElo "2228"]
[PlyCount "145"]
[EventDate "2009.10.22"]
[EventType "swiss"]
[EventRounds "13"]
[EventCountry "ARG"]
[SourceTitle "EXT 2010"]
[Source "ChessBase"]
[SourceDate "2010.11.25"]
[SourceVersion "1"]
[SourceVersionDate "2010.11.25"]
[SourceQuality "1"]

1. d4 d5 2. Nf3 c6 3. Bg5 h6 4. Bh4 Qb6 5. Qc1 Bf5 6. Nbd2 e6 7. e3 Be7 8. Bxe7 Nxe7 9. c4 Nd7 10. Be2 0-0 11. 0-0 Rac8 12. c5 Qd8 13. b4 Bg4 14. Bd3 Bf5 15. Be2 Bg4 16. Qc3 Ng6 17. Bd3 Bxf3 18. gxf3 e5 19. Bxg6 fxg6 20. dxe5 Qg5+ 21. Kh1 Qxe5 22. Qxe5 Nxe5 23. f4 Nd7 24. Nb3 Rfe8 25. Rg1 Kh7 26. Rg2 Re6 27. Rag1 Rf6 28. Nd4 Nf8 29. h4 Rc7 30. Nf3 Rf5 31. Kh2 Re7 32. Kh3 Re4 33. a3 Re7 34. Ne5 Rf6 35. a4 a6 36. Kg4 Nd7 37. Nf3 Re4 38. Nd4 Ne5+ 39. Kh3 Nd3 40. f5 Rxd4 41. fxg6+ Kg8 42. exd4 Nf4+ 43. Kh2 Nxg2 44. Rxg2 Rf4 45. Kg3 Rxd4 46. h5 Rxb4 47. f4 a5 48. Re2 Kf8 49. Kg4 Rxa4 50. Kf5 Rd4 51. Rb2 Rb4 52. Ra2 a4 53. Ke6 Rxf4 54. Kd7 Re4 55. Rf2+ Kg8 56. Rb2 Kf8 57. Rf2+ Kg8 58. Rf7 a3 59. Kd6 Re8 60. Rxb7 d4 61. Kxc6 d3 62. Rb1 a2 63. Ra1 d2 64. Kb7 Rd8 65. Rd1 Rd7+ 66. Kb6 a1R 67. Rxa1 d1Q 68. Rxd1 Rxd1 69. c6 Rb1+ 70. Ka7 Rc1 71. Kb7 Rb1+ 72. Ka8 Ra1+ 73. Kb7 1/2-1/2

[Event "Wch U20"]
[Site "Puerto Madryn"]
[Date "2009.10.26"]
[Round "6"]
[White "Garnelis, Julius"]
[Black "Gallego Alcaraz, Andres Felipe"]
[Result "1-0"]
[WhiteElo "2228"]
[BlackElo "2404"]
[PlyCount "109"]
[EventDate "2009.10.22"]
[EventType "swiss"]
[EventRounds "13"]
[EventCountry "ARG"]
[SourceTitle "EXT 2010"]
[Source "ChessBase"]
[SourceDate "2010.11.25"]
[SourceVersion "1"]
[SourceVersionDate "2010.11.25"]
[SourceQuality "1"]

1. e4 c5 2. Nf3 Nc6 3. d4 cxd4 4. Nxd4 Nf6 5. Nc3 e6 6. g3 Qc7 7. Bg2 Be7 8. 0-0 0-0 9. Ncb5 Qb8 10. c4 a6 11. Nc3 Nxd4 12. Qxd4 d6 13. Rd1 Bd7 14. Bg5 Rc8 15. Qd3 Bc6 16. Bf4 Rd8 17. Qe2 Nd7 18. Rd2 b5 19. cxb5 axb5 20. e5 Nxe5 21. Bxe5 Bxg2 22. Kxg2 Qb7+ 23. Kg1 dxe5 24. Rxd8+ Rxd8 25. Nxb5 Bc5 26. a4 e4 27. Rd1 Rxd1+ 28. Qxd1 h6 29. Qd8+ Kh7 30. Qd2 f5 31. b4 Bb6 32. Nd6 Qc6 33. b5 Qc5 34. a5 Bc7 35. Ne8 Be5 36. b6 Bd4 37. Kg2 Qd5 38. Kf1 e5 39. Nc7 Qc4+ 40. Qe2 Qb3 41. Nb5 Qd5 42. h4 Qc6 43. Kg1 Bc5 44. Kh2 f4 45. Nc3 e3 46. Qd3+ g6 47. h5 fxg3+ 48. Kxg3 e2 49. Qxg6+ Qxg6+ 50. hxg6+ Kxg6 51. Nxe2 Kf7 52. Nc3 h5 53. Nb5 h4+ 54. Kg2 h3+ 55. Kxh3 1-0

[Event "EU-ch U18 19th"]
[Site "Fermo"]
[Date "2009.09.08"]
[Round "8"]
[White "Garnelis, Julius"]
[Black "Goumas, Georgios"]
[Result "1/2-1/2"]
[WhiteElo "2228"]
[BlackElo "2315"]
[PlyCount "50"]
[EventDate "2009.08.31"]
[EventType "swiss"]
[EventRounds "9"]
[EventCountry "ITA"]
[SourceTitle "CBM 132 Extra"]
[Source "ChessBase"]
[SourceDate "2009.11.03"]
[SourceVersion "1"]
[SourceVersionDate "2009.11.03"]
[SourceQuality "1"]

1. e4 c5 2. Nf3 d6 3. d4 Nf6 4. Nc3 cxd4 5. Nxd4 Nc6 6. Bg5 Qb6 7. Nb3 e6 8. Qd2 Be7 9. f3 0-0 10. 0-0-0 a6 11. g4 Qc7 12. Kb1 b5 13. Bxf6 gxf6 14. Ne2 Ne5 15. Ng3 Kh8 16. Nh5 Rg8 17. Nd4 Bb7 18. Be2 Rac8 19. Rhe1 d5 20. f4 Nxg4 21. Bxg4 Rxg4 22. Rg1 Rcg8 23. Rxg4 Rxg4 24. Qe2 Rg8 25. e5 f5 1/2-1/2

[Event "EU-ch U18 19th"]
[Site "Fermo"]
[Date "2009.09.03"]
[Round "4"]
[White "Garnelis, Julius"]
[Black "Recuero Guerra, David"]
[Result "1/2-1/2"]
[WhiteElo "2228"]
[BlackElo "2460"]
[PlyCount "58"]
[EventDate "2009.08.31"]
[EventType "swiss"]
[EventRounds "9"]
[EventCountry "ITA"]
[SourceTitle "CBM 132 Extra"]
[Source "ChessBase"]
[SourceDate "2009.11.03"]
[SourceVersion "1"]
[SourceVersionDate "2009.11.03"]
[SourceQuality "1"]

1. e4 c5 2. Nf3 d6 3. d4 cxd4 4. Nxd4 Nf6 5. Nc3 Nc6 6. Bg5 e6 7. Qd2 Be7 8. 0-0-0 a6 9. f4 Nxd4 10. Qxd4 b5 11. Bxf6 gxf6 12. e5 d5 13. f5 fxe5 14. Qxe5 Bf6 15. Qg3 Bh4 16. Qf3 0-0 17. Kb1 Kh8 18. Bd3 Bf6 19. Ne4 Bb7 20. Nc5 Qe7 21. Nxb7 Qxb7 22. fxe6 fxe6 23. Qh5 Qe7 24. Rhe1 Ra7 25. Qg4 e5 26. Bf5 Rg8 27. Qh3 Rd8 28. Qb3 Qf7 29. Rf1 Rd6 1/2-1/2

[Event "Kaunas University Cup"]
[Site "Kaunas"]
[Date "2009.08.27"]
[Round "9"]
[White "Malisauskas, Vidmantas"]
[Black "Garnelis, Julius"]
[Result "1/2-1/2"]
[WhiteElo "2489"]
[BlackElo "2228"]
[PlyCount "173"]
[EventDate "2009.08.22"]
[EventType "swiss"]
[EventRounds "10"]
[EventCountry "LTU"]
[SourceTitle "CBM 132 Extra"]
[Source "ChessBase"]
[SourceDate "2009.11.03"]
[SourceVersion "1"]
[SourceVersionDate "2009.11.03"]
[SourceQuality "1"]

1. e4 c6 2. d4 d5 3. e5 Bf5 4. Nd2 e6 5. Nb3 Nd7 6. Nf3 Bg6 7. Be2 Ne7 8. 0-0 Nf5 9. Bd2 Be7 10. g4 Nh4 11. Nxh4 Bxh4 12. f4 f5 13. h3 Be7 14. Be3 0-0 15. g5 Qb8 16. a4 Rc8 17. a5 b5 18. axb6 axb6 19. Rxa8 Qxa8 20. Qd3 b5 21. Ra1 Qb7 22. Qd2 Ra8 23. Rxa8+ Qxa8 24. Qa5 Qxa5 25. Nxa5 Nb8 26. Bd2 Be8 27. Nb3 Na6 28. Ba5 Kf7 29. Bb6 Bd7 30. Kf2 Ke8 31. Bh5+ g6 32. Be2 Bd8 33. Ba7 Be7 34. h4 Kd8 35. h5 Kc7 36. Ke3 Be8 37. h6 Kb7 38. Bc5 Bxc5 39. dxc5 Kc7 40. Kd4 Bf7 41. Nc1 Nb4 42. Kc3 Na6 43. Nd3 Be8 44. Kd4 Bf7 45. Bd1 Be8 46. Ne1 Nb8 47. Ng2 Nd7 48. Nh4 Nf8 49. Kc3 Nd7 50. Kb4 Bf7 51. Nf3 Nb8 52. Ka5 Nd7 53. b4 Be8 54. Ka6 Nf8 55. Ka7 Bd7 56. Nd4 Be8 57. Be2 Bd7 58. Bd3 Be8 59. Nb3 Bd7 60. Na5 Bc8 61. c3 Nd7 62. Bxf5 exf5 63. e6 Ne5 64. e7 Kd7 65. fxe5 f4 66. Nb3 f3 67. Nd2 f2 68. Kb6 Kxe7 69. Kxc6 Ke6 70. Kxb5 Kxe5 71. c6 Kf4 72. Kc5 Bh3 73. c7 Ke3 74. Nf1+ Bxf1 75. c8Q Bg2 76. Qe6+ Kd2 77. Qf6 f1Q 78. Qxf1 Bxf1 79. Kxd5 Kxc3 80. Ke5 Kc4 81. b5 Bg2 82. b6 Bb7 83. Kf6 Kd5 84. Kg7 Ke6 85. Kxh7 Kf7 86. Kh8 Be4 87. h7 1/2-1/2

[Event "LTU-ch U18"]
[Site "Panevezys"]
[Date "2009.03.20"]
[Round "6"]
[White "Garnelis, Julius"]
[Black "Rimeikis, Andrius"]
[Result "1/2-1/2"]
[WhiteElo "2179"]
[BlackElo "1983"]
[PlyCount "46"]
[EventDate "2009.03.17"]
[EventType "swiss"]
[EventRounds "7"]
[EventCountry "LTU"]
[SourceTitle "EXT 2010"]
[Source "ChessBase"]
[SourceDate "2010.11.25"]
[SourceVersion "1"]
[SourceVersionDate "2010.11.25"]
[SourceQuality "1"]

1. e4 e5 2. Nf3 Nc6 3. d4 exd4 4. Nxd4 Nf6 5. Nxc6 bxc6 6. e5 Qe7 7. Qe2 Nd5 8. c4 Ba6 9. b3 g6 10. f4 Bg7 11. Qe4 Nb6 12. a4 f6 13. a5 Nc8 14. Bb2 0-0 15. Nd2 fxe5 16. fxe5 Re8 17. 0-0-0 Bxe5 18. Qxe5 Qxe5 19. Bxe5 Rxe5 20. Nf3 Re7 21. Bd3 Rb8 22. Kb2 c5 23. Rhe1 Rxe1 1/2-1/2

[Event "LTU-ch U18"]
[Site "Panevezys"]
[Date "2009.03.18"]
[Round "3"]
[White "Dzikia, Aleksandras"]
[Black "Garnelis, Julius"]
[Result "0-1"]
[WhiteElo "1868"]
[BlackElo "2179"]
[PlyCount "78"]
[EventDate "2009.03.17"]
[EventType "swiss"]
[EventRounds "7"]
[EventCountry "LTU"]
[SourceTitle "EXT 2010"]
[Source "ChessBase"]
[SourceDate "2010.11.25"]
[SourceVersion "1"]
[SourceVersionDate "2010.11.25"]
[SourceQuality "1"]

1. d4 d5 2. e3 Nf6 3. Bd3 c5 4. c3 Qc7 5. f4 Bg4 6. Ne2 e6 7. Nd2 Nc6 8. 0-0 a6 9. h3 Bf5 10. Nf3 Bxd3 11. Qxd3 Ne4 12. Bd2 Bd6 13. Ng5 Nf6 14. Ng3 h6 15. Nf3 0-0-0 16. Ne5 h5 17. Nxc6 Qxc6 18. dxc5 Bxc5 19. b4 Ba7 20. Rfd1 Qc4 21. Be1 Qxf4 22. Bf2 Qc4 23. Qc2 Ne4 24. Nf1 Kb8 25. Rac1 Rc8 26. Qd3 Nxc3 27. Bg3+ Ka8 28. Kh1 Qxd3 29. Rxd3 Ne4 30. Rb1 b5 31. a4 bxa4 32. Ra1 Kb7 33. Kh2 Rc4 34. Rxa4 Rc1 35. Nd2 Nxd2 36. Rxd2 Bxe3 37. Rda2 Bg1+ 38. Kh1 h4 39. Ra1 Rhc8 0-1

[Event "LTU-chT1 0809 fin A 4th"]
[Site "Lithuania"]
[Date "2009.03.15"]
[Round "9.11"]
[White "Jocys, Dalius"]
[Black "Garnelis, Julius"]
[Result "1/2-1/2"]
[WhiteElo "2211"]
[BlackElo "2188"]
[PlyCount "41"]
[EventDate "2009.02.08"]
[EventType "team-tourn"]
[EventRounds "4"]
[EventCountry "LTU"]
[SourceTitle "EXT 2024"]
[Source "ChessBase"]
[SourceDate "2023.10.10"]
[SourceVersion "1"]
[SourceVersionDate "2023.10.10"]
[SourceQuality "1"]
[WhiteTeam "Kretinga Akmena"]
[BlackTeam "Kaunas Trys nuliai"]
[WhiteTeamCountry "LTU"]
[BlackTeamCountry "LTU"]

1. d4 d5 2. Nf3 c6 3. c4 e6 4. Qc2 Nf6 5. g3 Bb4+ 6. Bd2 Bxd2+ 7. Nbxd2 0-0 8. Bg2 Nbd7 9. 0-0 b6 10. e4 dxe4 11. Nxe4 Nxe4 12. Qxe4 Ba6 13. Qxc6 Rc8 14. Qa4 Bxc4 15. Rfc1 Bd5 16. Qxa7 Ra8 17. Qc7 Rxa2 18. Rxa2 Bxa2 19. Qxd8 Rxd8 20. Rc7 h6 21. h4 1/2-1/2

[Event "LTU-ch sf"]
[Site "Vilnius"]
[Date "2009.02.18"]
[Round "8"]
[White "Grabliauskas, Virginijus"]
[Black "Garnelis, Julius"]
[Result "1/2-1/2"]
[WhiteElo "2435"]
[BlackElo "2179"]
[PlyCount "44"]
[EventDate "2009.02.13"]
[EventType "swiss"]
[EventRounds "9"]
[EventCountry "LTU"]
[SourceTitle "CBM 128 Extra"]
[Source "ChessBase"]
[SourceDate "2009.03.05"]
[SourceVersion "2"]
[SourceVersionDate "2009.03.25"]
[SourceQuality "1"]

1. d4 d5 2. c4 e6 3. Nf3 c6 4. g3 Nf6 5. Bg2 Nbd7 6. 0-0 Bd6 7. Nc3 0-0 8. Nd2 Bc7 9. e4 dxe4 10. Ndxe4 h6 11. f4 Rb8 12. Be3 b5 13. c5 Nd5 14. Bf2 Ba5 15. Qf3 f5 16. Nd2 N7f6 17. h3 h5 18. Rad1 Bd7 19. Kh1 Bxc3 20. bxc3 Qa5 21. Rc1 Qxa2 22. Qd3 Qa3 1/2-1/2

[Event "LTU-ch sf"]
[Site "Vilnius"]
[Date "2009.02.15"]
[Round "4"]
[White "Rimeikis, Andrius"]
[Black "Garnelis, Julius"]
[Result "0-1"]
[WhiteElo "1983"]
[BlackElo "2179"]
[PlyCount "49"]
[EventDate "2009.02.13"]
[EventType "swiss"]
[EventRounds "9"]
[EventCountry "LTU"]
[SourceTitle "CBM 128 Extra"]
[Source "ChessBase"]
[SourceDate "2009.03.05"]
[SourceVersion "2"]
[SourceVersionDate "2009.03.25"]
[SourceQuality "1"]

1. e4 c6 2. d4 d5 3. Nc3 dxe4 4. Nxe4 Bf5 5. Nc5 Qc7 6. Nf3 e6 7. c3 Nf6 8. g3 Bd6 9. Bg2 0-0 10. 0-0 Re8 11. Re1 Nbd7 12. Nxd7 Nxd7 13. Nh4 Bg6 14. Nxg6 hxg6 15. Qf3 Nb6 16. Bg5 e5 17. dxe5 Bxe5 18. Rad1 Nd5 19. Qe4 f6 20. Qxg6 fxg5 21. Bxd5+ cxd5 22. f4 gxf4 23. gxf4 Qd6 24. Qh5 g6 25. Qe2 0-1

[Event "LTU-chT1 4th 0809 pre group B"]
[Site "Lithuania"]
[Date "2008.11.09"]
[Round "2.1"]
[White "Garnelis, Julius"]
[Black "Grybas, Gintaras"]
[Result "1-0"]
[WhiteElo "2188"]
[BlackElo "2063"]
[PlyCount "75"]
[EventDate "2008.11.08"]
[EventType "team-tourn"]
[EventRounds "5"]
[EventCountry "LTU"]
[SourceTitle "EXT 2024"]
[Source "ChessBase"]
[SourceDate "2023.10.10"]
[SourceVersion "1"]
[SourceVersionDate "2023.10.10"]
[SourceQuality "1"]
[WhiteTeam "Kaunas Trys nuliai"]
[BlackTeam "Vilnius LASF"]
[WhiteTeamCountry "LTU"]
[BlackTeamCountry "LTU"]

1. e4 c6 2. d4 d5 3. Nc3 dxe4 4. Nxe4 Bf5 5. Ng3 Bg6 6. h4 h6 7. Nf3 Nd7 8. h5 Bh7 9. Bd3 Bxd3 10. Qxd3 e6 11. Bd2 Ngf6 12. 0-0-0 Qc7 13. Ne4 Be7 14. Kb1 0-0-0 15. g3 e5 16. Nxf6 Bxf6 17. Qa3 b6 18. dxe5 Bxe5 19. Nxe5 Nxe5 20. f4 Ng4 21. Qf3 f5 22. Bc3 Kb7 23. a4 Rhe8 24. Rxd8 Rxd8 25. Re1 Qf7 26. a5 Rd7 27. b3 Nf6 28. a6+ Kxa6 29. Qxc6 Rc7 30. Qa4+ Kb7 31. Be5 Re7 32. Kb2 Nd7 33. Ra1 a5 34. Qb5 Nxe5 35. fxe5 Ka7 36. Rd1 Qe6 37. Ka2 Kb7 38. Rd6 1-0

[Event "Wch U18"]
[Site "Vung Tau"]
[Date "2008.10.30"]
[Round "11"]
[White "Valli, Frans"]
[Black "Garnelis, Julius"]
[Result "1/2-1/2"]
[WhiteElo "2179"]
[BlackElo "2188"]
[PlyCount "24"]
[EventDate "2008.10.20"]
[EventType "swiss"]
[EventRounds "11"]
[EventCountry "VIE"]
[SourceTitle "EXT 2009"]
[Source "ChessBase"]
[SourceDate "2008.11.26"]
[SourceVersion "1"]
[SourceVersionDate "2008.11.26"]
[SourceQuality "1"]

1. d4 d5 2. c4 e6 3. Nf3 Nf6 4. e3 c6 5. Nbd2 Nbd7 6. Bd3 Bd6 7. 0-0 0-0 8. e4 e5 9. Re1 dxe4 10. Nxe4 Nxe4 11. Bxe4 f5 12. Bc2 e4 1/2-1/2

[Event "Panevezys op-A"]
[Site "Panevezys"]
[Date "2008.08.17"]
[Round "8"]
[White "Klimciauskas, Domantas"]
[Black "Garnelis, Julius"]
[Result "1-0"]
[WhiteElo "2222"]
[BlackElo "2166"]
[PlyCount "45"]
[EventDate "2008.08.12"]
[EventType "swiss"]
[EventRounds "9"]
[EventCountry "LTU"]
[SourceTitle "CBM 125 Extra"]
[Source "ChessBase"]
[SourceDate "2008.09.01"]
[SourceVersion "1"]
[SourceVersionDate "2008.09.01"]
[SourceQuality "1"]

1. e4 c6 2. d4 d5 3. exd5 cxd5 4. c4 Nf6 5. Nc3 Nc6 6. Nf3 Bg4 7. cxd5 Nxd5 8. Qb3 Nb6 9. Ne5 Be6 10. Qb5 Qxd4 11. Nxc6 bxc6 12. Qxc6+ Bd7 13. Qf3 e6 14. Be3 Qe5 15. 0-0-0 Rc8 16. Bxb6 axb6 17. Ba6 Rc7 18. Qa8+ Ke7 19. Kb1 Qf5+ 20. Ka1 g6 21. Qb8 Qc5 22. Nb5 Rc8 23. Rxd7+ 1-0

[Event "Panevezys op-A"]
[Site "Panevezys"]
[Date "2008.08.12"]
[Round "1"]
[White "Garnelis, Julius"]
[Black "Bazevicius, Albertas"]
[Result "1-0"]
[WhiteElo "2166"]
[BlackElo "1898"]
[PlyCount "65"]
[EventDate "2008.08.12"]
[EventType "swiss"]
[EventRounds "9"]
[EventCountry "LTU"]
[SourceTitle "CBM 125 Extra"]
[Source "ChessBase"]
[SourceDate "2008.09.01"]
[SourceVersion "1"]
[SourceVersionDate "2008.09.01"]
[SourceQuality "1"]

1. e4 e5 2. Nf3 Nf6 3. d4 Nxe4 4. Bd3 d5 5. Nxe5 Be7 6. 0-0 0-0 7. c4 c6 8. cxd5 cxd5 9. Bxe4 dxe4 10. Nc3 Bf5 11. Re1 Bb4 12. Re3 Bxc3 13. bxc3 Nc6 14. Nc4 Be6 15. Nd2 f5 16. Bb2 Qd7 17. f3 exf3 18. Qxf3 Bd5 19. Qh3 b5 20. Ba3 Rfe8 21. Nb3 Rxe3 22. Qxe3 Re8 23. Qf2 Bxb3 24. axb3 Qe6 25. Qf3 Qe3+ 26. Qxe3 Rxe3 27. d5 Ne5 28. Bc5 Re2 29. Bd4 f4 30. d6 Nc6 31. d7 Re6 32. Rxa7 Rd6 33. Ra6 1-0

[Event "LTU-ch U18"]
[Site "Panevezys"]
[Date "2008.03.10"]
[Round "6"]
[White "Tvarijonas, Povilas"]
[Black "Garnelis, Julius"]
[Result "1-0"]
[WhiteElo "2277"]
[BlackElo "2141"]
[PlyCount "63"]
[EventDate "2008.03.06"]
[EventType "swiss"]
[EventRounds "6"]
[EventCountry "LTU"]
[SourceTitle "EXT 2022"]
[Source "ChessBase"]
[SourceDate "2021.10.06"]
[SourceVersion "1"]
[SourceVersionDate "2021.10.06"]
[SourceQuality "1"]

1. e4 d5 2. exd5 Qxd5 3. Nc3 Qd6 4. d4 Nf6 5. Nf3 a6 6. Be3 Nc6 7. Bc4 b5 8. Bb3 Na5 9. Qd3 Bb7 10. Ne2 Nxb3 11. axb3 Nd5 12. Bd2 Nb4 13. Qc3 Nd5 14. Qd3 Nb4 15. Qc3 Nd5 16. Qa5 Qg6 17. 0-0 Qxc2 18. Rfc1 Qg6 19. Ne5 Qb6 20. Qxb6 cxb6 21. Nc3 e6 22. Nxb5 Be7 23. Nc7+ Nxc7 24. Rxc7 Bd5 25. Rac1 f6 26. Nc4 Rd8 27. Be3 b5 28. Nb6 Bxb3 29. Ra7 Rd6 30. d5 Bd8 31. Rc8 Bxd5 32. Bc5 1-0

[Event "LTU-ch U20"]
[Site "Vilnius"]
[Date "2008.02.01"]
[Round "7"]
[White "Garnelis, Julius"]
[Black "Narmontas, Matas"]
[Result "1/2-1/2"]
[WhiteElo "2141"]
[BlackElo "2367"]
[PlyCount "33"]
[EventDate "2008.01.28"]
[EventType "swiss"]
[EventRounds "9"]
[EventCountry "LTU"]
[SourceTitle "CBM 122 Extra"]
[Source "ChessBase"]
[SourceDate "2008.03.04"]
[SourceVersion "1"]
[SourceVersionDate "2008.03.04"]
[SourceQuality "1"]

1. e4 c5 2. Nf3 Nc6 3. d4 cxd4 4. Nxd4 Nf6 5. Nc3 e5 6. Ndb5 d6 7. a4 Be6 8. Bg5 a6 9. Na3 Rc8 10. Bc4 Be7 11. Bxf6 Bxf6 12. Nd5 0-0 13. 0-0 Bg5 14. c3 Ne7 15. Nxe7+ Qxe7 16. Qd3 Kh8 17. Rad1 1/2-1/2